Maritime Security handbook: coping with piracy / (Record no. 124)

000 -LEADER
fixed length control field 00507nam a2200157Ia 4500
008 - FIXED-LENGTH DATA ELEMENTS--GENERAL INFORMATION
fixed length control field 190805s9999||||xx |||||||||||||| ||und||
020 ## - INTERNATIONAL STANDARD BOOK NUMBER
International Standard Book Number 9781906915469
Terms of availability £ 35.00
082 04 - DEWEY DECIMAL CLASSIFICATION NUMBER
Classification number 364.164
Item number J7101
100 1# - MAIN ENTRY--PERSONAL NAME
Personal name Jones, Steven
245 10 - TITLE STATEMENT
Title Maritime Security handbook: coping with piracy /
260 ## - PUBLICATION, DISTRIBUTION, ETC. (IMPRINT)
Place of publication, distribution, etc London :
Name of publisher, distributor, etc The Nautical Institute,
Date of publication, distribution, etc 2013
300 ## - PHYSICAL DESCRIPTION
Extent iv, 90 p.
Other physical details : col. Ill.
Dimensions ; 21 cm.
650 #0 - SUBJECT ADDED ENTRY--TOPICAL TERM
Topical term or geographic name as entry element Piracy
General subdivision Prevention
Form subdivision Handbooks, manuals, etc.
852 ## - LOCATION/CALL NUMBER
Location
942 ## - ADDED ENTRY ELEMENTS (KOHA)
Item type Books
Holdings
Withdrawn status Lost status Damaged status Not for loan Collection code Permanent location Current location Shelving location Date acquired Source of acquisition Cost, normal purchase price Total Checkouts Full call number Barcode Date last seen Date last borrowed Koha item type Public note
        Nautical Science IMU Kochi Library IMU Kochi Library Reference 2017-05-22 Segment Book Distrubuters 3045.00 1 364.164 J7101 BK003080 2023-02-17 2023-02-17 Books Shelf-4, Row-3


Copyright © All Rights Reserved by Indian Maritime University, Kochi Campus.
For any Suggestions/Query Contact to library or Email: library.kochi@imu.ac.in Ph:(0484)-2989402
(Web OPAC Designed by Rudra Ranjan. Maintained by IMU Kochi Library)

Powered by Koha